Normal view MARC view

Entry Personal Name

Number of records used in: 1

001 - CONTROL NUMBER

  • control field: 1443

003 - CONTROL NUMBER IDENTIFIER

  • control field: DLC

005 - DATE AND TIME OF LATEST TRANSACTION

  • control field: 20241223105929.0

008 - FIXED-LENGTH DATA ELEMENTS

  • fixed length control field: 080721n| azannaabn |n aaa

010 ## - LIBRARY OF CONGRESS CONTROL NUMBER

  • LC control number: nb2008015343

035 ## - SYSTEM CONTROL NUMBER

  • System control number: (OCoLC)oca07828135

040 ## - CATALOGING SOURCE

  • Original cataloging agency: Uk
  • Language of cataloging: eng
  • Description conventions: rda
  • Transcribing agency: Uk
  • Modifying agency: DNLM

100 1# - HEADING--PERSONAL NAME

  • Personal name: O'Connell, P. Ronan

670 ## - SOURCE DATA FOUND

  • Source citation: Bailey and Love's short practice of surgery, 2008:
  • Information found: t.p. (P. Ronan O'Connell, MD, FRCSI, FRCPS(Glas); prof. of surgery, Univ. Coll. Dublin, St. Vincent's Univ. Hosp., Dublin)

Powered by Koha